000 00965nam a2200217Ia 4500
008 0000002010 sp a 0000000000mul00
020 _a9788492637379
090 _aPSP00 J35e
100 1 _aJiménez, Carlos
245 1 0 _aEduardo Resbier
_b: estancia en el desierto
_c/ textos Carlos Jiménez, Jesús París ; traducción Angela Suárez ; fotografías Jorge Martín
300 _a[76] p.
_c/ 24 cm.
500 _aExposición realizada en el Centro de Arte de la Caja Burgos, en Burgos, España entre el 28 de mayo y el 12 de septiembre de 2010 \ Incluye datos biográficos y cronología artística \ Texto en español e inglés
600 0 0 _a RESBIER, EDUARD, 1968/
_xTRABAJOS PICTORICOS
650 1 4 _a PINTURA ESPAÑOLA
650 1 4 _aARTE CONTEMPORANEO ESPAÑOL
650 1 4 _xCATALOGOS
650 1 4 _xEXPOSICIONES
650 1 4 _aPINTORES ESPAÑOLES
700 1 _aParís, Jesús
999 _c15308
_d15308
260 _aBurgos : Centro de Arte Caja Burgos
_c2010